[Event "Moscow op-B (Women) 14th"]
[Site "Moscow"]
[Date "2018.02.01"]
[Round "6"]
[White "Pankova, Julia"]
[Black "Kochetkova, Kyra"]
[Result "1-0"]
[WhiteElo "1832"]
[BlackElo "1614"]
[PlyCount "84"]
[EventDate "2018.01.27"]
[EventType "swiss"]
[EventRounds "9"]
[EventCountry "RUS"]
[SourceTitle "CBM 182 Extra"]
[Source "ChessBase"]
[SourceDate "2018.02.23"]
[SourceVersion "1"]
[SourceVersionDate "2018.02.23"]
[SourceQuality "1"]

1. e4 e6 2. d4 d5 3. Nc3 Nf6 4. e5 Nfd7 5. f4 c5 6. Nf3 Be7 7. Be3 Nc6 8. Be2 a6 9. a4 Qb6 10. Qd2 cxd4 11. Nxd4 Bc5 12. Rd1 Bxd4 13. Bxd4 Nxd4 14. Qxd4 Qxb2 15. a5 Qa3 16. Na4 0-0 17. 0-0 Nb8 18. Ra1 Qe7 19. Rf3 Nc6 20. Qf2 Rb8 21. Nb6 Qb4 22. c3 Qb2 23. Qe1 Nxa5 24. Na4 Qc2 25. Bd3 Qb3 26. c4 Kh8 27. Qxa5 b5 28. Bf1 Qc2 29. cxb5 Bd7 30. bxa6 Bxa4 31. Qxa4 Qc5+ 32. Kh1 Qa7 33. Rc3 Ra8 34. Qc6 Qf2 35. Rf3 Qb2 36. Qc3 Qb6 37. Qb3 Qd4 38. Rd1 Qa7 39. Rc1 Rab8 40. Qe3 d4 41. Qe4 Rfd8 42. Rh3 g6 1-0